8 Seasons or More (TV) Quiz Stats

Quiz Updated Mar 10, 2013

Challenge
Share
Tweet
Embed
Score 0/25 Timer 06:00
4 Plays Today
% Correct
Friends
95.7%
Seinfeld
92.1%
Law and Order
91.4%
M*A*S*H
90%
ER
89.4%
Everybody Loves Raymond
89.1%
Cheers
88.7%
The Cosby Show
88.5%
Frasier
85.4%
Happy Days
83.2%
Home Improvement
82.1%
Dallas
75.6%
Scrubs
73.7%
% Correct
Beverly Hills, 90210
73.5%
That '70s Show
73.4%
CSI: Miami
71.8%
House M.D.
70.9%
Desperate Housewives
66.4%
Whose Line Is It Anyway?
62.7%
Magnum, P.I.
62.2%
The Beverly Hillbillies
60.2%
Gunsmoke
58.6%
Monk
51.6%
Newhart
50%
24
49.8%

You're not logged in!

Compare scores with friends on all Sporcle quizzes.
Sign Up with Email
OR
Log In

You Might Also Like...

Show Comments

Extras

Top Quizzes Today


Score Distribution

Your Account Isn't Verified!

In order to create a playlist on Sporcle, you need to verify the email address you used during registration. Go to your Sporcle Settings to finish the process.